书目信息 |
| 题名: |
土壤生物化学
|
|
| 作者: | 麦克拉伦 , Mclaren 著 ;闵九康 译 | |
| 分册: | ||
| 出版信息: | 北京 农业出版社 1984 |
|
| 页数: | 607页 | |
| 开本: | 25cm | |
| 丛书名: | ||
| 单 册: | ||
| 中图分类: | S154.2 | |
| 科图分类: | ||
| 主题词: | 土壤生物学:生物化学 , 生物化学:土壤生物学 | |
| 电子资源: | ||
| ISBN: | 16144.2753 | |
| 000 | 00846nam0 2200289 450 | |
| 001 | 0184015535 | |
| 005 | 20100712220948.0 | |
| 010 | @a16144.2753@dCNY5.95 | |
| 091 | @a16144.2753 | |
| 100 | @a19950526d1984 emky0chiy0110 ea | |
| 101 | 1 | @achi@ceng |
| 102 | @aCN@b110000 | |
| 105 | @ay z 000yy | |
| 106 | @ar | |
| 200 | 1 | @a土壤生物化学@9Tu Rang Sheng Wu Hua Xue @f(美)麦克拉伦(A.D.Mclaren)等著@g闵九康等译 |
| 210 | @a北京@c农业出版社@d1984 | |
| 215 | @a607页@d25cm | |
| 300 | @a书名原文:Soil Biochemistry | |
| 510 | 1 | @aSoil Biochemistry@zeng |
| 606 | 0 | @a土壤生物学:生物化学 |
| 606 | 0 | @a生物化学:土壤生物学 |
| 690 | @aS154.2@v3 | |
| 701 | 1 | @a麦克拉伦@9mai ke la lun@bA.D.@4著 |
| 701 | 1 | @aMclaren@bA.D.@4著 |
| 702 | 0 | @a闵九康@9min jiu kang@4译 |
| 801 | 0 | @aCN@bAzMarc@c20130904 |
| 905 | @aBZT@dS154.2@e2@f1@sS154.2/2 | |
| 土壤生物化学/(美)麦克拉伦(A.D.Mclaren)等著/闵九康等译.-北京:农业出版社,1984 |
| 607页;25cm |
| 书名原文:Soil Biochemistry |
| ISBN 16144.2753:CNY5.95 |
| ● |
| 相关链接 |
|
|
|
正题名:土壤生物化学
索取号:S154.2/2
 
预约/预借
| 序号 | 登录号 | 条形码 | 馆藏地/架位号 | 状态 | 备注 |
| 1 | 2000117117 | 2000117117 | 旧书回溯/ [索取号:S154.2/2] | 在馆 |